000
002660000a22000970004500
100
1
_a
Propp, William H.C.
245
1
0
_a
That bloody bridegroom (Exodus 4:24-6)
300
_a
Vol. 43, Num. 4 (Octubre, 1993), Páginas 495-518
773
0
_t
Vetus Testamentum
942
_c
ANA
999
_c
57866
_d
57866